[Event "Barcelona op"]
[Site "Barcelona"]
[Date "1991.??.??"]
[Round "7"]
[White "Todorovic, Olivera"]
[Black "Alfarone, Giovanni"]
[Result "1-0"]
[WhiteElo "2125"]
[BlackElo "2280"]
[PlyCount "85"]
[EventDate "1991.??.??"]
[EventType "swiss"]
[EventRounds "9"]
[EventCountry "ESP"]
[SourceTitle "EXT 2002"]
[Source "ChessBase"]
[SourceDate "2001.11.25"]
[SourceVersion "1"]
[SourceVersionDate "2001.11.25"]
[SourceQuality "1"]

1. e4 c5 2. Nc3 e6 3. f4 a6 4. a4 b6 5. Nf3 Bb7 6. d3 d5 7. e5 Nc6 8. g3 Nh6 9. Bg2 Nf5 10. 0-0 Be7 11. g4 Nfd4 12. Ne2 Nxf3+ 13. Bxf3 Qd7 14. c3 g6 15. Ng3 Bh4 16. d4 a5 17. Be3 cxd4 18. Bxd4 Nxd4 19. cxd4 Be7 20. Be2 Ba6 21. f5 Bxe2 22. Qxe2 0-0 23. Qe3 Rfc8 24. Rf2 Rc4 25. b3 Rc7 26. Raf1 Qc6 27. Nh5 Qc3 28. Qf4 g5 29. Qf3 Qxd4 30. fxe6 Rf8 31. exf7+ Kh8 32. e6 Rc6 33. Qf5 Qe4 34. Nf6 Qxf5 35. Rxf5 Bxf6 36. Rxf6 Rc7 37. R6f5 Re7 38. Re1 h6 39. Kf2 Kg7 40. Rxd5 Rc8 41. Rd7 Rc2+ 42. Kf1 Rxd7 43. exd7 1-0

[Event "YUG-chT"]
[Site "Cetinje"]
[Date "1990.??.??"]
[Round "7"]
[White "Kokanovic, Ksenija"]
[Black "Todorovic, Olivera"]
[Result "1-0"]
[WhiteElo "2115"]
[BlackElo "2130"]
[PlyCount "67"]
[EventDate "1990.??.??"]
[EventType "team"]
[EventRounds "9"]
[EventCountry "YUG"]
[SourceTitle "EXT 1997"]
[Source "ChessBase"]
[SourceDate "1996.11.15"]
[SourceVersion "1"]
[SourceVersionDate "1996.11.15"]
[SourceQuality "1"]

1. e4 c6 2. d4 d5 3. exd5 cxd5 4. Bd3 Nc6 5. c3 Nf6 6. Bf4 Bg4 7. Qb3 Qd7 8. Nd2 e6 9. Ngf3 Bxf3 10. Nxf3 Bd6 11. Be5 Qc7 12. 0-0 Bxe5 13. Nxe5 Nxe5 14. dxe5 Nd7 15. Bb5 0-0 16. Bxd7 Qxd7 17. Rad1 Qc7 18. f4 Qc5+ 19. Kh1 b5 20. Rd4 a5 21. Qd1 b4 22. Rf3 Rfc8 23. f5 bxc3 24. Rxc3 Qa7 25. f6 Rxc3 26. bxc3 Qc7 27. Qg4 g6 28. Qg3 Rb8 29. h3 Rb1+ 30. Kh2 Rc1 31. Qf4 Rxc3 32. Qh6 Qxe5+ 33. Rf4 Rxh3+ 34. Kxh3 1-0